Guess the EA FC 24 Card of there description - Statistics

General Stats
  • This quiz has been taken 51 times
  • The average score is 15 of 19
Answer Stats
Hint Answer % Correct
Argentina 90 CF MLS Messi
100%
Portugal 86 ST Saudi League Ronaldo
100%
Norway 91 ST Premier league Haaland
96%
Belgium 91 CM Premier League De bruyne
94%
France 91 ST Ligue 1 Mbappe
94%
Netherlands 89 CB Premier league Virgil Van Dijk
94%
England 86 CM La Liga Hyper motion Bellingham
91%
Spain 89 CDM Premier league Rodri
91%
South Korea 87 LW Premier League Son Hueng-Min
91%
Brazil 89 LW La Liga Hyper motion Vinicius Jr.
89%
Argentina 86 CF Serie A Dybala
81%
Germany 86 CAM Bundesliga Musiala
81%
Spain 86 CM La Liga Hyper Motion Pedri
81%
Netherlands 87 CM Laliga Hyper-Motion De Jong
79%
Australia (Womens) 90 ST Barclays Womens Super League Sam kerr
79%
Sweden 81 ST Premier league Alexander Isak
77%
Spain 80 CM Japanese League Iniesta
62%
Iran 82 ST Portuguese League Taremi
60%
England 78 LW Premier League Elanga
9%
No matching quizzes found
Score Distribution
Percent of People with Each Score
Percentile by Number Answered
Your Score History
You have not taken this quiz